Normal view
MARC view
- Dr. Muhammad Anwar Sulehri
Entry Personal Name
001 - CONTROL NUMBER
- control field: 3199
003 - CONTROL NUMBER IDENTIFIER
- control field: NUST
005 - DATE AND TIME OF LATEST TRANSACTION
- control field: 20170710133801.0
008 - FIXED-LENGTH DATA ELEMENTS
- fixed length control field: 170710|| aca||aabn | a|a d
040 ## - CATALOGING SOURCE
- Original cataloging agency: NUST
- Transcribing agency: NUST
100 ## - HEADING--PERSONAL NAME
- Personal name: Dr. Muhammad Anwar Sulehri
670 ## - SOURCE DATA FOUND
- Source citation: Work cat.: (NUST): Dr. Muhammad Anwar Sulehri, Lady Health wokers' role assessment in TB-Dots Program of N.P.F.P and PHC, 2012
